MDQL
is popping MORE tags! Check the
thread
!
Quizzes
Events
Quiz Creation
Community
Videos
Private Events
Remove Ads
Sign In
Join for FREE
Feedback
Dark Mode
Quiz Categories
Sports
Geography
Music
Movies
Television
Just For Fun
Miscellaneous
History
Literature
Language
Science
Gaming
Entertainment
Religion
Holiday
For Kids
Quiz Lab
Recent
Popular Today
Quiz Kudos Today
Editor Picks
Curator Picks
Quizzes by...
Day
Popularity
Type
Ratings
Length
Year
Community
Subscriptions
Recent Discussions
Orange Saloon
Badges
Playlists
Quests
Create
Leaderboards
Showdown
Live 5
Trivia Bingo
Activity
Puzzle Library
Sporcle Events
Private Events
Virtual Trivia
Globe League
Become a Host
Pub Owners
SporcleCon
Opinionation
Our Games
Videos
Blog
Mobile Apps
Partnerships
Remove Ads and Go Orange
Feedback
Sports
Athletes
MLB
NBA
NHL
NFL
Soccer
Sports Teams
WWE
NCAA
Football
Premier League
Basketball
Baseball
Hockey
Golf
Tennis
Cricket
Rugby
Auto Racing
Olympics
World Cup
Sports
Athletes
MLB
NBA
NHL
NFL
Soccer
Sports Teams
WWE
NCAA
Football
Premier League
Basketball
Baseball
Hockey
Golf
Tennis
Cricket
Rugby
Auto Racing
Olympics
World Cup
Random Quiz
Search Sporcle
×
Quiz Lab
Quiz Lab
Sports
NFL
Type in answers that appear in a list
Type in answers that appear in a list
Classic
Best Score? Go Orange.
Steelers Stats
Can you name the NFL franchise that the Steelers...?
By
broberts909
6m
31 Questions
591 Plays
591 Plays
591 Plays
Comments
Comments
Give Quiz Kudos
Give Quiz Kudos
-
- Ratings
hide this ad
Forced Order
Answers have to be entered in order
Answers have to be entered in order
Random Order
Randomize order of answers
Randomize order of answers
Replay
Link that replays current quiz
Next Quiz
Link to next quiz in quiz playlist
You Got
0%
They Got
Avg Score
33%
Avg Friend Score
Upgrade to see
Score Distribution
Jump to the score distribution portion of the page
Score
0/31
Timer
06:00
0
Plays Today
...
Team
% Correct
have beaten twice in the Super Bowl?
Dallas Cowboys
67.5%
beat in Super Bowl XLIII on Santonio Holmes TD catch?
Arizona Cardinals
67%
merged with during World War II to form the Steagles?
Philadelphia Eagles
62.3%
have beaten the most times?
Cleveland Browns
60.6%
have lost to most recently in the AFC Championship?
New England Patriots
60.1%
acquired Jerome Bettis from?
St. Louis Rams
58.7%
won their first Super Bowl against?
Miinnesota Vikings
53.8%
won their first playoff game against?
Oakland Raiders
52.5%
can thank for use of their home field for Super Bowl XL?
Detroit Lions
42.3%
beat for their third straight road victory in the 2005 playoffs?
Denver Broncos
40.1%
have a record of 8-
8 against in the regular season since 2003?
Baltimore Ravens
38.6%
most recent playoff loss was against?
Jacksonville Jaguars
34.9%
only loss to was in that team's inaugaural sason?
Houston Texans
34.3%
let Franco Harris play his final games with?
Seattle Seahawks
31.8%
have played in the preseason the last three years?
Carolina Panthers
30.3%
most recent tie game was against?
Atlanta Falcons
29.1%
...
Team
% Correct
played their first game in Three Rivers stadium against?
Tennessee Titans
26.4%
have beaten the most times in the playoffs?
Indianapolis Colts
25.9%
have the best winning percentage against in the AFC?
New York Jets
25.2%
first victory at Heinz Field was against?
Cincinnati Bengals
25.2%
passed for the most yards against in a single game?
Green Bay Packers
23.5%
lost their first ten games to?
Chicago Bears
20.3%
played on Halloween night of 2010?
New Orleans Saints
19.5%
lost Rod Woodson to via free agency?
San Francisco 49ers
19%
played their first game against (as the Pirates)?
New York Giants
16.8%
have the second best winning percentage against in the AFC?
San Diego Chargers
15.2%
beat in the last game at Three Rivers Stadium?
Washington Redskins
13.2%
currently have the longest winning streak against?
Miami Dolphins
11.5%
have the best winning percentage against?
Tampa Bay Buccaneers
10.3%
last played into overtime?
Buffalo Bills
10%
beat 45-
0 for a third striaght shutout in 1976?
Kansas City Chiefs
6.6%
Quiz Playlist
Details
Report
Send in Message
Add To Playlist
Classic:
Type in answers that appear in a list
Forced Order:
Answers have to be entered in order
Random Order:
Randomize order of answers
Quiz Source
Last Updated: Feb 16, 2017
Quiz Scoreboard
CHALLENGE
Sign Up to Join the Scoreboard
Show All
Scores
Hide
Comments
May contain spoilers
Recently Published
Street Fighter Characters
by Artimus82
Gaming
60s
9x9 Crossword: Cartoon Network
by jackfrog10
Miscellaneous
3m
College Basketball Coaching Resumes
by pancakes188
Sports
9m
More to Explore
Quiz From the Vault
Featured Blog Post
Where Did the Easter Bunny Come From?
hide this ad
You Might Also Like...
Tags
NFL Quiz
franchise
note
Pittsburgh Steelers
team
Today's Top Quizzes in Sports
Browse Sports
hide this ad
Today's Top Quizzes in NFL
Browse NFL
Top Contributed Quizzes in Sports
1
2022 World Cup Stars
2
Les meilleurs buteurs des matchs entre le PSG et l’OM
3
FIFA Club World Cup Champions
4
Les entraîneurs de l'OM et du PSG au 21e siècle
5
Criteria MLB: Left Handed Sluggers
6
2023 MLB Unique Player Accomplishments
7
AFC Teams Reveal (Wrong Answers Minefield)
8
5-to-1: FBS Animal Nicknames
9
Players with Multiple 50 Home Run Seasons
10
5-to-1: UK Sports Teams
Explore More
Trending Topics
Crossword
NBA
Disney
Marvel
Harry Potter
Anime
Kpop
Puzzle
Soccer
The Office
WWE
Pokémon
NFL
Country
Song
hide this ad
More By:
broberts909
Quiz
Plays
Rating
Category
Featured
Created
Hard Luck NFL Quarterbacks
3,919
4.10
Sports
Jan 3, 2011
MLB Most Games Played for Franchise
3,452
4.43
Sports
Jul 17, 2010
Most Recent NFL Playoff Victories
2,776
3.55
Sports
Nov 6, 2010
NFL 4-Star Captains
1,742
3.29
Sports
Sep 18, 2010
Ballparks with 3 or more All Star Games
955
4.10
Sports
Jul 7, 2010
Go to Creator's Profile
Score Distribution
Quiz Creator Spotlight
broberts909
Follow
Send a Message
Quizzes Created
-
Created Quiz Play Count
-
More By This Creator
Popular Quizzes Today
1
Find the US States - No Outlines Minefield
2
Find the Countries of Europe - No Outlines Minefield
3
The Countries of the World
4
Find the US States
5
Risky Map Clicking: Biggest States A-Z
6
US States
7
Popular People in 1961
8
Movies - When Are They Set?
More Sports Quizzes
Famous Winter Olympic Medalists (US)
Published
Trending Quizzes
Risky Map Clicking: Least Populous States A-Z
Countries of the World: 200 Million BC
Billboard Blitz: Aretha Franklin
1-10 Letter G Words
Famous Russians: Author or Composer?
Recently Updated
Leaping Animals
pecheneg
Reality TV Shows (A-Z)
bhenderson79
Rickey Henderson's Hall of Fame Teammates
pecheneg
Champions League XIs: Arsenal
pecheneg
Quick Pick: Celebrities in WWE's Hall of Fame
aduchscher
A-Z Keypad Blitz II
pecheneg
Multiple Oscar Actors
pecheneg
Mystery Phrase Blitz: Oscar 'Best Actors'
pecheneg
F. Scott Fitzgerald Novels
LTH
Pick 3 Villains
ddd62291
Trending Topics
NBA
Harry Potter
Kpop
Disney
Crossword
Anime
Marvel
WWE
Puzzle
NFL
Country
The Office
Song
Pokémon
Soccer
Your Account Isn't Verified!
In order to create a playlist on Sporcle, you need to verify the email address you used during registration. Go to your
Sporcle Settings
to finish the process.
Report this User
Report this user for behavior that violates our
Community Guidelines
.
Details:
Send Report
Go to the Sporcle.com Mobile Site →
Comments